[Event "11th 4NCL Congress Open"]
[Site "Harben House"]
[Date "2016.11.05"]
[Round "3.4"]
[White "Arkell, Keith C"]
[Black "Golding, Alex"]
[Result "1/2-1/2"]
[BlackElo "2080"]
[WhiteElo "2450"]
[LiveChessVersion "1.4.8"]

1. Nf3 {[%clk 1:21:53]} Nf6 {[%clk 1:30:55]} 2. c4 {[%clk 1:22:19]} g6
{[%clk 1:31:20]} 3. d4 {[%clk 1:22:44]} Bg7 {[%clk 1:31:46]} 4. g3
{[%clk 1:23:09]} O-O {[%clk 1:32:11]} 5. Bg2 {[%clk 1:23:37]} d6 {[%clk 1:32:36]}
6. O-O {[%clk 1:23:54]} c6 {[%clk 1:31:58]} 7. Nc3 {[%clk 1:24:19]} Qa5
{[%clk 1:32:09]} 8. e4 {[%clk 1:24:37]} e5 {[%clk 1:32:12]} 9. Re1
{[%clk 1:25:01]} Nbd7 {[%clk 1:31:56]} 10. d5 {[%clk 1:25:13]} cxd5
{[%clk 1:32:17]} 11. cxd5 {[%clk 1:25:36]} b5 {[%clk 1:27:51]} 12. a3
{[%clk 1:25:29]} Qb6 {[%clk 1:22:20]} 13. Be3 {[%clk 1:23:33]} Qb8
{[%clk 1:22:07]} 14. h3 {[%clk 1:23:36]} a6 {[%clk 1:20:03]} 15. Nd2
{[%clk 1:22:12]} Nb6 {[%clk 1:19:56]} 16. a4 {[%clk 1:17:27]} b4 {[%clk 1:16:55]}
17. Ne2 {[%clk 1:17:11]} a5 {[%clk 1:16:31]} 18. Rc1 {[%clk 1:13:43]} Bd7
{[%clk 1:16:53]} 19. b3 {[%clk 1:14:08]} Qb7 {[%clk 1:16:32]} 20. Qc2
{[%clk 1:09:05]} Rfc8 {[%clk 1:16:13]} 21. Qd3 {[%clk 1:08:53]} Ne8
{[%clk 1:15:02]} 22. h4 {[%clk 1:08:20]} Nf6 {[%clk 1:07:34]} 23. f3
{[%clk 1:05:49]} Rxc1 {[%clk 1:05:10]} 24. Rxc1 {[%clk 1:06:12]} Ne8
{[%clk 1:05:12]} 25. Kh2 {[%clk 1:06:06]} Bf6 {[%clk 1:05:10]} 26. Bh3
{[%clk 1:05:48]} Bxh3 {[%clk 1:05:05]} 27. Kxh3 {[%clk 1:06:12]} Nd7
{[%clk 1:04:16]} 28. Rc6 {[%clk 1:03:40]} Nb8 {[%clk 1:04:09]} 29. Rc2
{[%clk 0:59:38]} Bd8 {[%clk 1:04:05]} 30. Kg2 {[%clk 0:59:02]} Nd7
{[%clk 1:04:11]} 31. Qc4 {[%clk 0:56:23]} Kf8 {[%clk 0:57:42]} 32. Nc1
{[%clk 0:55:40]} Bb6 {[%clk 0:57:45]} 33. Qb5 {[%clk 0:51:26]} Ra7
{[%clk 0:56:11]} 34. Bxb6 {[%clk 0:51:17]} Qxb6 {[%clk 0:56:34]} 35. Qxb6
{[%clk 0:51:30]} Nxb6 {[%clk 0:56:59]} 36. Rc6 {[%clk 0:51:42]} Rc7
{[%clk 0:55:59]} 37. Rxb6 {[%clk 0:51:40]} Rc2 {[%clk 0:56:11]} 38. Kf2
{[%clk 0:50:25]} Rxd2+ {[%clk 0:56:32]} 39. Ke3 {[%clk 0:50:35]} Rc2
{[%clk 0:56:54]} 40. Rc6 {[%clk 0:49:50]} Rg2 {[%clk 0:54:08]} 41. Ne2
{[%clk 0:47:05]} Rh2 {[%clk 0:54:20]} 42. Ra6 {[%clk 0:44:46]} Rh1
{[%clk 0:54:27]} 43. Kd3 {[%clk 0:43:50]} Rb1 {[%clk 0:54:02]} 44. Kc2
{[%clk 0:44:06]} Re1 {[%clk 0:54:19]} 45. Kd2 {[%clk 0:34:50]} Rb1
{[%clk 0:54:39]} 46. Nc1 {[%clk 0:30:55]} Rb2+ {[%clk 0:55:03]} 47. Ke3
{[%clk 0:29:59]} Rb1 {[%clk 0:55:27]} 48. Rc6 {[%clk 0:28:22]} Rb2
{[%clk 0:54:59]} 49. g4 {[%clk 0:26:18]} h6 {[%clk 0:54:33]} 50. h5
{[%clk 0:24:02]} Ke7 {[%clk 0:54:23]} 51. Ra6 {[%clk 0:22:35]} Rb1
{[%clk 0:54:31]} 52. Kd2 {[%clk 0:22:05]} Rb2+ {[%clk 0:54:56]} 53. Kd3
{[%clk 0:22:17]} gxh5 {[%clk 0:54:31]} 54. gxh5 {[%clk 0:22:41]} Nf6
{[%clk 0:54:11]} 55. Ra7+ {[%clk 0:14:24]} Ke8 {[%clk 0:54:14]} 56. Ra8+
{[%clk 0:10:12]} Kd7 {[%clk 0:54:29]} 57. Ra7+ {[%clk 0:10:36]} Ke8
{[%clk 0:54:52]} 58. Ra8+ {[%clk 0:10:49]} Kd7 {[%clk 0:55:16]} 1/2-1/2

[Event "11th 4NCL Congress Open"]
[Site "Harben House"]
[Date "2016.11.05"]
[Round "3.5"]
[White "Hand, Freddie"]
[Black "Cobb, James E"]
[Result "1-0"]
[BlackElo "2434"]
[WhiteElo "2103"]
[LiveChessVersion "1.4.8"]

1. d4 {[%clk 1:30:19]} Nf6 {[%clk 1:30:44]} 2. c4 {[%clk 1:30:44]} e6
{[%clk 1:31:05]} 3. Nc3 {[%clk 1:31:11]} Bb4 {[%clk 1:31:28]} 4. e3
{[%clk 1:31:37]} O-O {[%clk 1:31:13]} 5. Nge2 {[%clk 1:32:04]} d5
{[%clk 1:31:14]} 6. a3 {[%clk 1:32:28]} Be7 {[%clk 1:30:57]} 7. cxd5
{[%clk 1:32:55]} exd5 {[%clk 1:30:49]} 8. Nf4 {[%clk 1:33:19]} c6
{[%clk 1:29:06]} 9. Bd3 {[%clk 1:33:38]} a5 {[%clk 1:24:08]} 10. O-O
{[%clk 1:34:03]} Na6 {[%clk 1:24:03]} 11. Bc2 {[%clk 1:34:27]} Nc7
{[%clk 1:18:19]} 12. f3 {[%clk 1:34:44]} Ne6 {[%clk 1:09:27]} 13. e4
{[%clk 1:33:33]} b6 {[%clk 1:00:29]} 14. Nxe6 {[%clk 1:20:25]} Bxe6
{[%clk 0:56:13]} 15. Qd3 {[%clk 1:20:32]} g6 {[%clk 0:55:04]} 16. Bg5
{[%clk 1:15:22]} c5 {[%clk 0:47:08]} 17. dxc5 {[%clk 0:59:21]} d4
{[%clk 0:38:15]} 18. Nb5 {[%clk 0:43:16]} bxc5 {[%clk 0:37:53]} 19. Bb3
{[%clk 0:35:18]} Bxb3 {[%clk 0:35:47]} 20. Qxb3 {[%clk 0:35:39]} a4
{[%clk 0:36:08]} 21. Qc4 {[%clk 0:32:01]} Rb8 {[%clk 0:14:43]} 22. b3
{[%clk 0:16:38]} axb3 {[%clk 0:09:42]} 23. Qxb3 {[%clk 0:16:17]} Qd7
{[%clk 0:08:21]} 24. a4 {[%clk 0:14:48]} Rfc8 {[%clk 0:07:30]} 25. Rac1
{[%clk 0:13:21]} Nd5 {[%clk 0:00:35]} 26. Qxd5 {[%clk 0:10:32]} Qxd5
{[%clk 0:00:41]} 27. exd5 {[%clk 0:10:53]} Bxg5 {[%clk 0:01:07]} 28. f4
{[%clk 0:11:19]} Bd8 {[%clk 0:01:09]} 29. Na7 {[%clk 0:07:39]} c4
{[%clk 0:01:08]} 30. Nxc8 {[%clk 0:06:28]} Rxc8 {[%clk 0:01:34]} 31. Rfd1
{[%clk 0:05:59]} Ba5 {[%clk 0:00:43]} 32. Kf1 {[%clk 0:05:22]} Bc3
{[%clk 0:01:06]} 33. d6 {[%clk 0:03:49]} Kf8 {[%clk 0:00:53]} 34. a5
{[%clk 0:04:15]} Ra8 {[%clk 0:00:39]} 35. Rb1 {[%clk 0:02:08]} Ke8
{[%clk 0:00:49]} 36. Rb5 {[%clk 0:02:08]} Rc8 {[%clk 0:00:31]} 37. a6
{[%clk 0:01:39]} Kd7 {[%clk 0:00:53]} 38. a7 {[%clk 0:02:03]} Ra8
{[%clk 0:01:02]} 39. Rc5 {[%clk 0:02:16]} Rxa7 {[%clk 0:01:11]} 40. Rxc4
{[%clk 0:02:45]} Ra2 {[%clk 0:01:10]} 41. Rc7+ {[%clk 0:03:06]} Kxd6
{[%clk 0:01:35]} 42. Rxc3 {[%clk 0:03:29]} Kd5 1-0

[Event "11th 4NCL Congress Open"]
[Site "Harben House"]
[Date "2016.11.05"]
[Round "3.6"]
[White "Roberson, Peter T"]
[Black "Pert, Richard G"]
[Result "1-0"]
[BlackElo "2432"]
[WhiteElo "2388"]
[LiveChessVersion "1.4.8"]

1. e4 {[%clk 1:30:57]} c5 {[%clk 1:30:12]} 2. c3 {[%clk 1:31:18]} e6
{[%clk 1:29:53]} 3. d4 {[%clk 1:30:38]} d5 {[%clk 1:30:14]} 4. exd5
{[%clk 1:29:02]} exd5 {[%clk 1:30:22]} 5. Nf3 {[%clk 1:29:27]} Nf6
{[%clk 1:30:12]} 6. Bb5+ {[%clk 1:27:11]} Bd7 {[%clk 1:30:35]} 7. Bxd7+
{[%clk 1:27:29]} Nbxd7 {[%clk 1:30:58]} 8. O-O {[%clk 1:25:13]} Be7
{[%clk 1:31:08]} 9. dxc5 {[%clk 1:22:00]} Nxc5 {[%clk 1:31:29]} 10. Nd4
{[%clk 1:22:07]} O-O {[%clk 1:16:14]} 11. Nf5 {[%clk 1:19:44]} Re8
{[%clk 1:15:28]} 12. Nxe7+ {[%clk 1:20:10]} Qxe7 {[%clk 1:15:28]} 13. Be3
{[%clk 1:19:52]} a6 {[%clk 1:12:07]} 14. Na3 {[%clk 1:11:27]} Rad8
{[%clk 1:03:24]} 15. Nc2 {[%clk 1:11:46]} Ne6 {[%clk 0:54:35]} 16. Re1
{[%clk 1:04:16]} Qc7 {[%clk 0:50:06]} 17. f3 {[%clk 1:00:38]} Qd6
{[%clk 0:39:33]} 18. Qd2 {[%clk 0:58:45]} Nd7 {[%clk 0:38:33]} 19. Rad1
{[%clk 0:45:04]} Ne5 {[%clk 0:38:37]} 20. b3 {[%clk 0:44:11]} Nc6
{[%clk 0:38:30]} 21. Qf2 {[%clk 0:39:37]} g6 {[%clk 0:29:05]} 22. Rd2
{[%clk 0:31:45]} b5 {[%clk 0:26:40]} 23. Red1 {[%clk 0:31:00]} Qe5
{[%clk 0:26:19]} 24. Bb6 {[%clk 0:21:03]} Rb8 {[%clk 0:22:23]} 25. Ne3
{[%clk 0:09:51]} Nf4 {[%clk 0:10:59]} 26. Ng4 {[%clk 0:07:51]} Qe7
{[%clk 0:09:39]} 27. Bc5 {[%clk 0:02:19]} Qd8 {[%clk 0:09:57]} 28. Be3
{[%clk 0:02:15]} Ne6 {[%clk 0:10:17]} 29. Rxd5 {[%clk 0:01:57]} Qe7
{[%clk 0:10:36]} 30. Rd7 {[%clk 0:01:37]} Red8 {[%clk 0:10:03]} 31. R1d2
{[%clk 0:01:08]} Rxd7 {[%clk 0:06:41]} 32. Rxd7 {[%clk 0:01:36]} Rd8
{[%clk 0:07:04]} 33. Rxe7 {[%clk 0:00:44]} Rd1+ {[%clk 0:07:28]} 34. Qf1
{[%clk 0:01:13]} Rxf1+ {[%clk 0:07:54]} 35. Kxf1 {[%clk 0:01:42]} Nxe7
{[%clk 0:08:19]} 36. Ke2 {[%clk 0:00:54]} Nd5 {[%clk 0:08:19]} 37. Kd2
{[%clk 0:00:50]} f5 {[%clk 0:08:21]} 38. Ne5 {[%clk 0:01:05]} Kf8
{[%clk 0:07:45]} 39. c4 {[%clk 0:01:18]} bxc4 {[%clk 0:06:23]} 40. bxc4
{[%clk 0:01:47]} Nxe3 {[%clk 0:06:41]} 41. Kxe3 {[%clk 0:02:16]} Ke7
{[%clk 0:07:06]} 42. Nd3 {[%clk 0:01:09]} Kd6 {[%clk 0:07:27]} 43. f4
{[%clk 0:00:52]} Nc7 {[%clk 0:05:09]} 44. Kd4 {[%clk 0:01:10]} Ne6+
{[%clk 0:05:11]} 45. Kc3 {[%clk 0:01:25]} h6 {[%clk 0:05:30]} 46. Kb4
{[%clk 0:01:31]} g5 {[%clk 0:05:53]} 47. Ka5 {[%clk 0:01:10]} Kc6
{[%clk 0:03:51]} 48. Kxa6 {[%clk 0:01:12]} gxf4 {[%clk 0:04:14]} 49. Ka5
{[%clk 0:01:34]} h5 {[%clk 0:04:36]} 50. Kb4 {[%clk 0:00:50]} h4 {[%clk 0:05:02]}
51. Ne5+ {[%clk 0:00:55]} Kd6 {[%clk 0:04:49]} 52. Nf3 {[%clk 0:01:22]} h3
{[%clk 0:04:47]} 53. gxh3 Nc5 {[%clk 0:05:11]} 54. h4 {[%clk 0:01:46]} Nd3+
{[%clk 0:05:27]} 55. Kc3 {[%clk 0:02:10]} Nf2 {[%clk 0:05:53]} 56. Kd4
{[%clk 0:01:55]} Ng4 {[%clk 0:05:54]} 57. h5 {[%clk 0:02:08]} Kd5+ 58. Ke4+ 1-0

[Event "11th 4NCL Congress Open"]
[Site "Harben House"]
[Date "2016.11.05"]
[Round "3.7"]
[White "Jackson, James P"]
[Black "Player, Edmund C"]
[Result "1-0"]
[BlackElo "2227"]
[WhiteElo "2311"]
[LiveChessVersion "1.4.8"]

1. e4 {[%clk 1:30:52]} e6 {[%clk 1:30:52]} 2. d4 {[%clk 1:31:17]} d5
{[%clk 1:31:18]} 3. Nc3 {[%clk 1:31:40]} Bb4 {[%clk 1:31:40]} 4. e5
{[%clk 1:32:05]} Ne7 {[%clk 1:31:38]} 5. a3 {[%clk 1:32:29]} Bxc3+
{[%clk 1:30:44]} 6. bxc3 {[%clk 1:32:51]} c5 {[%clk 1:31:10]} 7. Qg4
{[%clk 1:32:23]} Qc7 {[%clk 1:31:25]} 8. Bd3 {[%clk 1:32:35]} cxd4
{[%clk 1:31:14]} 9. Ne2 {[%clk 1:32:57]} dxc3 {[%clk 1:31:28]} 10. Qxg7
{[%clk 1:33:12]} Rg8 {[%clk 1:31:48]} 11. Qxh7 {[%clk 1:33:36]} Qxe5
{[%clk 1:32:02]} 12. h4 {[%clk 1:33:24]} Nd7 {[%clk 1:28:21]} 13. Bf4
{[%clk 1:33:46]} Qf6 {[%clk 1:28:37]} 14. Bg5 {[%clk 1:34:10]} Qh8
{[%clk 1:28:51]} 15. Qxh8 {[%clk 1:34:34]} Rxh8 {[%clk 1:29:16]} 16. Nxc3
{[%clk 1:34:56]} f6 {[%clk 1:25:53]} 17. Be3 {[%clk 1:34:25]} a6 {[%clk 1:25:44]}
18. O-O-O {[%clk 1:33:37]} Ne5 {[%clk 1:18:39]} 19. Be2 {[%clk 1:34:00]} Bd7
{[%clk 1:04:37]} 20. f4 {[%clk 1:29:05]} N5c6 {[%clk 0:57:57]} 21. g4
{[%clk 1:27:08]} Rc8 {[%clk 0:45:28]} 22. Kb2 {[%clk 1:24:11]} b5
{[%clk 0:37:36]} 23. h5 {[%clk 1:21:36]} b4 {[%clk 0:33:38]} 24. axb4
{[%clk 1:20:06]} Rb8 {[%clk 0:33:44]} 25. b5 {[%clk 1:08:46]} axb5
{[%clk 0:31:54]} 26. Bc5 {[%clk 1:03:12]} Rb7 {[%clk 0:21:34]} 27. Kc1
{[%clk 1:02:17]} b4 {[%clk 0:19:50]} 28. Nb5 {[%clk 1:02:15]} Nc8
{[%clk 0:19:44]} 29. g5 {[%clk 1:00:16]} Kf7 {[%clk 0:16:40]} 30. Rdg1
{[%clk 0:55:46]} N6e7 {[%clk 0:10:52]} 31. Nd4 {[%clk 0:54:00]} e5
{[%clk 0:09:17]} 32. fxe5 {[%clk 0:51:27]} fxe5 {[%clk 0:09:36]} 33. Nf3
{[%clk 0:48:45]} Nc6 {[%clk 0:09:56]} 34. g6+ {[%clk 0:45:10]} Kg7
{[%clk 0:09:52]} 35. Ng5 {[%clk 0:38:18]} Nd8 {[%clk 0:07:17]} 36. Ba6
{[%clk 0:32:41]} Rc7 {[%clk 0:04:56]} 37. Bxc8 {[%clk 0:32:24]} Rxc8
{[%clk 0:05:17]} 38. Bd6 {[%clk 0:32:49]} Re8 {[%clk 0:04:02]} 39. Nh7
{[%clk 0:30:29]} Nb7 {[%clk 0:02:48]} 40. h6+ {[%clk 0:30:38]} Kh8
{[%clk 0:03:05]} 41. Nf6 {[%clk 0:31:03]} Nxd6 {[%clk 0:03:19]} 42. g7# 1-0

[Event "11th 4NCL Congress Open"]
[Site "Harben House"]
[Date "2016.11.05"]
[Round "3.8"]
[White "Greet, Andrew N"]
[Black "Burrows, Martin P"]
[Result "1/2-1/2"]
[BlackElo "2119"]
[WhiteElo "2464"]
[LiveChessVersion "1.4.8"]

1. d4 {[%clk 1:23:59]} Nf6 {[%clk 1:30:52]} 2. c4 {[%clk 1:24:25]} g6
{[%clk 1:31:15]} 3. g3 {[%clk 1:24:47]} Bg7 {[%clk 1:31:32]} 4. Bg2
{[%clk 1:25:10]} O-O {[%clk 1:31:44]} 5. Nc3 {[%clk 1:25:30]} d6 {[%clk 1:32:03]}
6. Nf3 {[%clk 1:25:49]} Nc6 {[%clk 1:32:07]} 7. O-O {[%clk 1:26:11]} a6
{[%clk 1:32:03]} 8. Bf4 {[%clk 1:26:25]} Bg4 {[%clk 1:30:17]} 9. d5
{[%clk 1:11:40]} Na5 {[%clk 1:16:36]} 10. Nd2 {[%clk 1:10:01]} c5
{[%clk 1:16:35]} 11. Qc2 {[%clk 1:07:32]} Rb8 {[%clk 1:07:43]} 12. h3
{[%clk 0:55:25]} Bd7 {[%clk 1:07:27]} 13. a3 {[%clk 0:55:19]} Qc8
{[%clk 1:03:48]} 14. Kh2 {[%clk 0:52:05]} b5 {[%clk 1:02:53]} 15. b3 Nh5
{[%clk 1:02:12]} 16. Bg5 {[%clk 0:51:17]} Re8 17. Rab1 {[%clk 0:44:01]} h6
{[%clk 1:00:46]} 18. Be3 f5 19. f4 {[%clk 0:41:37]} e5 {[%clk 0:54:43]} 20. dxe6
{[%clk 0:41:48]} Bxe6 {[%clk 0:54:27]} 21. Nd5 {[%clk 0:39:12]} Nc6
{[%clk 0:54:05]} 22. Qd3 {[%clk 0:37:40]} Qd7 23. Bf2 {[%clk 0:36:14]} Nf6
{[%clk 0:46:12]} 24. Nxf6+ Bxf6 {[%clk 0:46:38]} 25. Rfd1 {[%clk 0:33:34]} Ne7
{[%clk 0:41:49]} 26. b4 {[%clk 0:28:17]} Qc7 {[%clk 0:33:51]} 27. cxb5
{[%clk 0:21:14]} axb5 {[%clk 0:27:58]} 28. bxc5 {[%clk 0:19:38]} dxc5
{[%clk 0:27:54]} 29. Rxb5 {[%clk 0:18:17]} c4 {[%clk 0:27:28]} 30. Qe3
{[%clk 0:17:51]} Bf7 {[%clk 0:24:57]} 31. Rxb8 {[%clk 0:13:34]} Rxb8 32. Rc1 c3
{[%clk 0:21:04]} 33. Nf3 {[%clk 0:12:39]} Nd5 34. Qc5 Qxc5 {[%clk 0:17:20]} 35.
Bxc5 {[%clk 0:11:37]} Rb2 {[%clk 0:17:26]} 36. e3 Re2 37. Kg1 {[%clk 0:03:53]}
Nxe3 {[%clk 0:09:35]} 38. Bxe3 {[%clk 0:04:08]} Rxe3 {[%clk 0:10:04]} 39. Kf2
{[%clk 0:04:30]} Re7 {[%clk 0:08:03]} 40. Ne5 {[%clk 0:04:31]} Bxe5
{[%clk 0:07:05]} 41. fxe5 {[%clk 0:04:55]} Rxe5 {[%clk 0:07:25]} 42. Rxc3
{[%clk 0:05:20]} Kg7 {[%clk 0:07:08]} 43. Bc6 {[%clk 0:04:43]} g5
{[%clk 0:06:15]} 44. a4 {[%clk 0:04:49]} Kf6 {[%clk 0:04:44]} 45. Bb5
{[%clk 0:04:35]} Be8 {[%clk 0:04:20]} 46. Bxe8 {[%clk 0:03:20]} Rxe8
{[%clk 0:04:49]} 47. a5 {[%clk 0:03:24]} Ra8 {[%clk 0:02:00]} 48. Rc5
{[%clk 0:03:22]} h5 {[%clk 0:01:44]} 49. Ke3 {[%clk 0:03:15]} Ra6
{[%clk 0:01:22]} 50. Kd4 {[%clk 0:03:00]} h4 {[%clk 0:01:38]} 51. gxh4
{[%clk 0:03:10]} gxh4 {[%clk 0:02:06]} 52. Kc4 {[%clk 0:03:03]} Kg5
{[%clk 0:02:11]} 53. Kb5 {[%clk 0:03:24]} Ra8 {[%clk 0:02:22]} 54. Kb6
{[%clk 0:01:58]} Kf4 {[%clk 0:02:11]} 55. Kb7 {[%clk 0:01:27]} Rxa5
{[%clk 0:02:14]} 56. Rxa5 {[%clk 0:01:52]} Kg3 {[%clk 0:02:39]} 57. Kc6
{[%clk 0:02:05]} Kxh3 {[%clk 0:01:10]} 58. Kd5 {[%clk 0:02:16]} Kg2
{[%clk 0:01:12]} 59. Ke5 {[%clk 0:01:07]} h3 {[%clk 0:01:25]} 60. Kf4
{[%clk 0:00:43]} h2 {[%clk 0:01:50]} 61. Ra2+ {[%clk 0:01:05]} Kg1
{[%clk 0:00:43]} 62. Kg3 {[%clk 0:00:36]} f4+ {[%clk 0:01:12]} 63. Kxf4
{[%clk 0:01:00]} h1=Q {[%clk 0:01:34]} 64. Ra1+ {[%clk 0:01:23]} Kg2
{[%clk 0:01:55]} 65. Rxh1 {[%clk 0:01:48]} Kxh1 {[%clk 0:02:19]} 1/2-1/2

[Event "11th 4NCL Congress Open"]
[Site "Harben House"]
[Date "2016.11.05"]
[Round "3.9"]
[White "Roe, Simon J"]
[Black "Sowray, Peter J"]
[Result "1-0"]
[BlackElo "2310"]
[WhiteElo "2210"]
[LiveChessVersion "1.4.8"]

1. Nf3 {[%clk 1:30:56]} d5 {[%clk 1:30:51]} 2. c4 {[%clk 1:31:16]} d4
{[%clk 1:31:04]} 3. b4 {[%clk 1:30:16]} f6 {[%clk 1:30:41]} 4. Na3
{[%clk 1:30:39]} e5 {[%clk 1:29:18]} 5. Nc2 {[%clk 1:31:03]} c5 {[%clk 1:27:41]}
6. bxc5 {[%clk 1:28:58]} Bxc5 {[%clk 1:27:59]} 7. d3 {[%clk 1:28:48]} Nc6
{[%clk 1:22:40]} 8. g3 {[%clk 1:29:08]} Nge7 {[%clk 1:22:24]} 9. Bg2
{[%clk 1:29:32]} O-O {[%clk 1:22:48]} 10. O-O {[%clk 1:29:43]} Be6
{[%clk 1:19:39]} 11. Nd2 {[%clk 1:24:05]} f5 {[%clk 1:09:22]} 12. Nb3
{[%clk 1:19:01]} Bb6 {[%clk 1:04:14]} 13. Ba3 {[%clk 1:15:06]} Bf7
{[%clk 1:01:52]} 14. Nc5 {[%clk 1:08:38]} Qc7 {[%clk 1:01:25]} 15. Nxb7
{[%clk 1:02:41]} Qxb7 {[%clk 1:00:08]} 16. Bxe7 {[%clk 1:03:04]} Qxe7
{[%clk 1:00:10]} 17. Bxc6 {[%clk 1:03:28]} Rad8 {[%clk 0:59:11]} 18. Bg2
{[%clk 1:03:32]} e4 {[%clk 0:56:53]} 19. Rb1 {[%clk 0:55:36]} h5 {[%clk 0:50:10]}
20. Nb4 {[%clk 0:48:57]} Rd6 {[%clk 0:49:10]} 21. Qc1 {[%clk 0:47:06]} Rg6
{[%clk 0:40:45]} 22. Qc2 {[%clk 0:35:52]} Bc5 {[%clk 0:35:47]} 23. Nd5
{[%clk 0:30:45]} Bxd5 {[%clk 0:36:11]} 24. cxd5 {[%clk 0:31:13]} h4
{[%clk 0:32:45]} 25. dxe4 {[%clk 0:30:29]} hxg3 {[%clk 0:30:48]} 26. exf5
{[%clk 0:22:49]} gxf2+ {[%clk 0:20:57]} 27. Kh1 {[%clk 0:23:12]} Bd6
{[%clk 0:14:34]} 28. Qe4 {[%clk 0:17:34]} Rh6 {[%clk 0:14:09]} 29. Rxf2
{[%clk 0:16:20]} Qg5 {[%clk 0:11:16]} 30. Bf3 {[%clk 0:14:43]} Bf4
{[%clk 0:07:44]} 31. Rg1 {[%clk 0:12:19]} Qh4 {[%clk 0:08:05]} 32. Rgg2
{[%clk 0:11:28]} Rc8 {[%clk 0:07:00]} 33. Rf1 {[%clk 0:09:57]} Be3
{[%clk 0:05:13]} 34. Qxh4 {[%clk 0:09:45]} Rxh4 {[%clk 0:05:41]} 35. f6
{[%clk 0:09:36]} g5 {[%clk 0:05:58]} 36. Bg4 {[%clk 0:09:11]} Rd8
{[%clk 0:05:57]} 37. Be6+ {[%clk 0:07:34]} Kh7 {[%clk 0:06:02]} 38. f7
{[%clk 0:07:01]} Kg7 {[%clk 0:06:11]} 39. Rf5 {[%clk 0:04:06]} Kf8
{[%clk 0:05:01]} 40. Rfxg5 {[%clk 0:03:36]} Bxg5 {[%clk 0:04:37]} 41. Rxg5
{[%clk 0:04:02]} Ke7 {[%clk 0:02:44]} 42. Rg3 {[%clk 0:03:15]} Re4
{[%clk 0:01:40]} 43. Rg8 {[%clk 0:01:50]} Rf4 {[%clk 0:00:48]} 44. Kg2
{[%clk 0:00:56]} a5 {[%clk 0:00:37]} 45. Kg3 {[%clk 0:01:16]} Rf1
{[%clk 0:00:46]} 46. h4 {[%clk 0:01:18]} Rf8 {[%clk 0:00:47]} 47. h5
{[%clk 0:01:06]} R8xf7 {[%clk 0:00:54]} 48. Bxf7 {[%clk 0:01:31]} Kxf7
{[%clk 0:01:13]} 49. Ra8 {[%clk 0:01:52]} Rf5 {[%clk 0:01:19]} 50. Rxa5
{[%clk 0:02:07]} Rxh5 {[%clk 0:01:42]} 51. Kf4 {[%clk 0:02:14]} Kf6
{[%clk 0:01:08]} 52. Ra6+ {[%clk 0:02:05]} Ke7 {[%clk 0:01:33]} 53. Ke4
{[%clk 0:02:13]} Rh4+ {[%clk 0:01:26]} 54. Kd3 {[%clk 0:02:27]} Kd7
{[%clk 0:01:00]} 55. Re6 {[%clk 0:02:11]} Rg4 {[%clk 0:00:42]} 56. a4
{[%clk 0:02:06]} Rh4 {[%clk 0:00:40]} 57. Re4 {[%clk 0:02:16]} Rh1
{[%clk 0:00:42]} 58. Kxd4 {[%clk 0:02:16]} 1-0

[Event "11th 4NCL Congress Open"]
[Site "Harben House"]
[Date "2016.11.05"]
[Round "3.10"]
[White "Mitra, Roman C"]
[Black "Lewis, Andrew P"]
[Result "1-0"]
[BlackElo "2301"]
[WhiteElo "2043"]
[LiveChessVersion "1.4.8"]

1. e4 {[%clk 1:30:59]} c5 {[%clk 1:25:53]} 2. Nf3 {[%clk 1:31:22]} Nc6
{[%clk 1:26:08]} 3. Bb5 {[%clk 1:31:27]} d6 {[%clk 1:26:22]} 4. O-O
{[%clk 1:31:45]} Bd7 {[%clk 1:25:42]} 5. Re1 {[%clk 1:31:56]} Nf6
{[%clk 1:21:51]} 6. c3 {[%clk 1:32:08]} a6 {[%clk 1:20:43]} 7. Bf1
{[%clk 1:32:24]} Bg4 {[%clk 1:17:13]} 8. d3 {[%clk 1:27:01]} g6 {[%clk 1:14:08]}
9. Na3 {[%clk 1:15:09]} Bg7 {[%clk 1:11:13]} 10. Nc2 {[%clk 1:15:09]} O-O
{[%clk 1:06:34]} 11. h3 {[%clk 1:12:45]} Bxf3 {[%clk 1:01:42]} 12. Qxf3
{[%clk 1:13:08]} Nd7 {[%clk 0:59:25]} 13. Qd1 {[%clk 0:59:07]} Rc8
{[%clk 0:51:25]} 14. Be3 {[%clk 0:53:26]} b5 {[%clk 0:49:49]} 15. Qd2
{[%clk 0:51:43]} b4 {[%clk 0:37:24]} 16. Bh6 {[%clk 0:51:18]} bxc3
{[%clk 0:36:29]} 17. bxc3 {[%clk 0:51:42]} Bxh6 {[%clk 0:36:49]} 18. Qxh6
{[%clk 0:52:05]} Qa5 {[%clk 0:37:06]} 19. Qd2 {[%clk 0:51:13]} Rb8
{[%clk 0:35:48]} 20. Ne3 {[%clk 0:48:43]} Rb7 {[%clk 0:26:33]} 21. Rac1
{[%clk 0:43:31]} Rfb8 {[%clk 0:24:35]} 22. Rc2 {[%clk 0:43:40]} Nf6
{[%clk 0:18:27]} 23. g4 {[%clk 0:39:37]} Qd8 {[%clk 0:08:44]} 24. f4
{[%clk 0:39:32]} Ne8 {[%clk 0:06:42]} 25. g5 {[%clk 0:35:56]} h5 {[%clk 0:04:46]}
26. gxh6 {[%clk 0:33:17]} e6 {[%clk 0:04:59]} 27. Qg2 {[%clk 0:31:43]} Qh4
{[%clk 0:04:10]} 28. Rf2 {[%clk 0:31:28]} Qxh6 {[%clk 0:01:13]} 29. Ng4
{[%clk 0:24:48]} Qg7 {[%clk 0:01:33]} 30. e5 {[%clk 0:16:45]} d5 {[%clk 0:01:32]}
31. c4 {[%clk 0:15:59]} Ne7 {[%clk 0:01:17]} 32. cxd5 {[%clk 0:15:59]} Nxd5
{[%clk 0:01:30]} 33. Rc1 {[%clk 0:14:36]} Rc7 {[%clk 0:00:49]} 34. Qe4
{[%clk 0:12:25]} Rb4 {[%clk 0:00:36]} 35. Rc4 {[%clk 0:12:43]} Rcb7
{[%clk 0:00:37]} 36. a3 {[%clk 0:12:21]} Rb3 {[%clk 0:00:33]} 37. Rxc5
{[%clk 0:12:31]} Qf8 {[%clk 0:00:35]} 38. Rc8 {[%clk 0:10:33]} Rb8
{[%clk 0:00:46]} 39. Rfc2 {[%clk 0:10:41]} Qxa3 {[%clk 0:00:49]} 40. R2c5
{[%clk 0:08:56]} Kg7 {[%clk 0:00:46]} 41. Rxb8 {[%clk 0:06:33]} Rxb8
{[%clk 0:00:35]} 42. Rc4 {[%clk 0:06:50]} Rb1 {[%clk 0:00:48]} 43. Qf3
{[%clk 0:06:30]} Qb2 {[%clk 0:00:57]} 44. h4 Qb6+ {[%clk 0:01:11]} 45. Qf2
{[%clk 0:04:22]} Qb3 {[%clk 0:01:06]} 46. Rc8 {[%clk 0:03:54]} Nec7
{[%clk 0:00:41]} 47. h5 {[%clk 0:03:56]} Qxd3 {[%clk 0:00:37]} 48. h6+
{[%clk 0:04:12]} Kh7 {[%clk 0:00:47]} 49. Rf8 {[%clk 0:03:27]} Qf5
{[%clk 0:00:34]} 50. Nf6+ {[%clk 0:03:42]} Nxf6 {[%clk 0:00:36]} 51. Rxf7+
{[%clk 0:04:01]} Kh8 {[%clk 0:00:37]} 52. Rxf6 {[%clk 0:03:29]} Qh3
{[%clk 0:00:34]} 53. Rf8+ {[%clk 0:02:23]} Kh7 {[%clk 0:00:47]} 54. Rf7+
{[%clk 0:02:51]} Kxh6 {[%clk 0:01:11]} 55. Rxc7 {[%clk 0:03:15]} Qg4+
{[%clk 0:00:39]} 56. Kh2 {[%clk 0:01:57]} Rb4 {[%clk 0:00:43]} 57. Qg3
{[%clk 0:01:22]} Rxf4 {[%clk 0:00:39]} 58. Qxg4 Rxg4 {[%clk 0:01:08]} 59. Bxa6
{[%clk 0:01:52]} Re4 {[%clk 0:01:30]} 60. Rc5 {[%clk 0:02:07]} Kg5 61. Kg3 Re3+
{[%clk 0:01:46]} 62. Kf2 {[%clk 0:02:03]} Kf4 {[%clk 0:01:27]} 63. Bc4
{[%clk 0:01:05]} Rxe5 {[%clk 0:01:28]} 64. Rc6 {[%clk 0:01:20]} Kf5
{[%clk 0:01:14]} 65. Kf3 {[%clk 0:01:37]} Kf6 {[%clk 0:00:57]} 66. Rc8
{[%clk 0:01:52]} Rf5+ {[%clk 0:00:41]} 67. Ke4 {[%clk 0:02:09]} Re5+
{[%clk 0:00:47]} 68. Kd4 {[%clk 0:02:34]} Re1 {[%clk 0:00:58]} 69. Rf8+
{[%clk 0:02:29]} Kg5 {[%clk 0:00:45]} 70. Bd3 {[%clk 0:02:52]} e5+
{[%clk 0:00:39]} 71. Kd5 {[%clk 0:02:40]} Rd1 {[%clk 0:00:32]} 72. Rf3
{[%clk 0:02:57]} Re1 73. Be4 1-0